Κατάλογος Βιβλιοθηκών Mediterranean College

Φ.Π.Α. Δηλώσεις στην πράξη / Συμπληρωμένη και Βελτιωμένη με τους Νέους Νόμους: Ζ' Έκδοση (Record no. 5207)

MARC details
000 -LEADER
fixed length control field 01219cam a22001934a 4500
005 - ΗΜΕΡΟΜΗΝΙΑ ΚΑΙ ΩΡΑ ΤΕΛΕΥΤΑΙΑΣ ΕΝΗΜΕΡΩΣΗΣ
Πεδίο ελέγχου 20250605164206.0
008 - FIXED-LENGTH DATA ELEMENTS--GENERAL INFORMATION
Πεδίο ελέγχου σταθερού μήκους 250528s ||||||||||||||||||||||||d
035 ## - SYSTEM CONTROL NUMBER
System control number 20022
040 ## - ΠΗΓΗ ΚΑΤΑΛΟΓΟΓΡΑΦΗΣΗΣ
Φορέας πρωτότυπης καταλογογράφησης MC Athens Campus Library
Γλώσσα καταλογογράφησης Ελληνικά, Μοντέρνα (1453-)
Modifying agency MC Athens Campus Library
Κανόνες περιγραφικής καταλογογράφησης AACR2
245 1# - ΤΙΤΛΟΣ ΚΑΙ ΔΗΛΩΣΗ ΥΠΕΥΘΥΝΟΤΗΤΑΣ
Τίτλος Φ.Π.Α. Δηλώσεις στην πράξη / Συμπληρωμένη και Βελτιωμένη με τους Νέους Νόμους: Ζ' Έκδοση
250 ## - EDITION STATEMENT
Edition statement
260 ## - PUBLICATION, DISTRIBUTION, ETC.
Name of publisher, distributor, etc. Αριων,
Date of publication, distribution, etc. 1997
300 ## - PHYSICAL DESCRIPTION
Extent 752
520 ## - SUMMARY, ETC.
Summary, etc. Νομικό Πλαίσιο του Φ.Π.Α., Ενδοκοινοτικές Συναλλαγές, Απαλλαγές και Επιστροφές Φ.Π.Α, Intrastat, Listing, Καθεστώτα Φ.Π.Α., Τροποποιητικές Δηλώσεις Φ.Π.Α., Ενημέρωση Βιβλίων α β και γ Κατηγορίας του Κ.Φ.Σ., Συντελεστές Φ.Π.Α., Ακίνητα που Υπάγονται στο Φ.Π.Α., Συμπλήρωση Δηλώσεων Φ.Π.Α., Διακανονισμοί Παγίων, Εφαρμογή Όλων των Νόμων του Φ.Π.Α. στην Πράξη.
700 1# - ΠΡΟΣΘΕΤΗ ΑΝΑΓΡΑΦΗ--ΦΥΣΙΚΟ ΠΡΟΣΩΠΟ
Personal name Καραγιάννης Δημήτρης Ι
9 (RLIN) 6121
942 ## - ADDED ENTRY ELEMENTS (KOHA)
Koha item type Books
Holdings
Τύπος τεκμηρίου Βιβλιοθήκη Τρέχουσα τοποθεσία Barcode Αριθμός εισαγωγής Ημερομηνία απόκτησης Ταξιθετικό σύμβολο Αριθμός αντιτύπου Κατάσταση απόσυρσης Κατάσταση χαμένου Κατάσταση κατεστραμμένου Μη δανεισμός Σύνολο δανεισμών Ημερομηνία τελευταίας εμφάνισης Η τιμή ισχύει από
Books MC Athens Campus Library MC Athens Campus Library 9780000052063 6234 05/06/2025 REF 343.495 KAR 1           05/06/2025 05/06/2025

MC Athens Campus Library
Πατησίων 94 & Κοδριγκτώνος 13, 104 34
Πελλήνης 8 & Πατησίων 107, 112 51
Τ: +30 210 8899600

MC Thessaloniki Campus Library
Ίωνος Δραγούμη 21, 54625 | Ίωνος Δραγούμη 15, 54625
Τ: +30 2310 287779 – Τ: +30 2314 440300